| 000 | 00713nam a2200229 a 4500 | ||
|---|---|---|---|
| 008 | |||
| 020 | _a0443023743(cased) | ||
| 049 |
_aMAIN _f(22806) |
||
| 090 | _aRB57 | ||
| 100 | 1 | _aKnight, Bernard. | |
| 245 | 1 | 0 |
_aThe coroner's autopsy : _bA guide to non-criminal autopsies for the general pathologist/ _cBright, Knight. |
| 260 |
_aEndiburgh, : _bChurchill lIvingstone; _cc1983. |
||
| 300 | _a1st ed. | ||
| 300 |
_ax, 299 p. : _bill, photographs ; _c21 cm. |
||
| 500 | _aIncludes index. | ||
| 650 | 1 |
_aAutopsy _vForensic pathology |
|
| 907 |
_a.b10195270 _b09-03-06 _c09-03-06 |
||
| 003 | |||
| 005 | 20230120203926.0 | ||
| 040 | _cNUST | ||
| 942 |
_cBOOKS _kRB57 |
||
| 999 |
_c113987 _d113987 |
||